| 000 | 00676nam a2200205Ii 4500 | ||
|---|---|---|---|
| 003 | JO-AjNU | ||
| 008 | 230606s9999||||xx |||||||||||||| ||und|| | ||
| 020 | _a0-226-89314-6/0-226-89315-4 | ||
| 040 |
_aJO-AjNU _beng _erda _cJO-AjNU |
||
| 041 | _aeng | ||
| 050 | 1 | 4 | _aHD6223.W65.1977 |
| 100 | 3 |
_aedited:Wellesley Editorial Committee, _eauthor _92856 |
|
| 245 | 0 | 0 | _aWomen and National Development:The Complexities of Change |
| 264 | 3 | 1 | _aLondon:The University of Chicago press,1977 |
| 300 | _a346p | ||
| 336 |
_atext _btxt _2rdacontent |
||
| 337 |
_aunmediated _bn _2rdamedia |
||
| 338 |
_avolume _bnc _2rdacarrier |
||
| 650 | 4 |
_aunderdevelobed areas-women's employment _92857 |
|
| 999 |
_aE1496 _c1496 _d1496 |
||